000 00342nam a22001457a 4500
008 210312b ||||| |||| 00| 0 eng d
020 _a0130216348
041 _aeng
080 _22nd
_a510
082 _a510
100 _a36
101 _aMAT
245 _aAlgebra and Trigonometry a pre-calculus approach
_cSobel, M. A
942 _2udc
_cBK
999 _c56527
_d56527